paroles - jean pierre fromage - Statistiques

Statistiques générales
  • Ce quiz a été pris 5 fois
  • Le résultat moyen est 146 sur 199
Statistiques - réponses
Paroles % Correct
à
100%
anus
100%
au
100%
bite
100%
bout
100%
C'est
100%
c'est
100%
chie
100%
cul
100%
de
100%
du
100%
gland
100%
j'ai
100%
Je
100%
je
100%
Le
100%
le
100%
ma
100%
pisse
100%
que
100%
Que
100%
Si
100%
simultanément
100%
trou
100%
un
100%
greffe
40%
mardi
40%
matin
40%
Me
40%
une
40%
aisé
20%
ambitieux
20%
Arrosé
20%
aux
20%
bien
20%
bon
20%
caca
20%
cague
20%
canaux
20%
Car
20%
ceci
20%
croupion
20%
d'artifice
20%
Denis
20%
Désormais
20%
docteur
20%
d'un
20%
épices
20%
et
20%
feu
20%
font
20%
fort
20%
foutre
20%
grisonnante
20%
il
20%
la
20%
La
20%
l'éjaculation
20%
Les
20%
les
20%
Libos
20%
liquides
20%
l'urêtre
20%
mangé
20%
m'est
20%
moi
20%
mon
20%
Monsempron
20%
noeud
20%
pisser
20%
plus
20%
pomme
20%
poulet
20%
Pour
20%
projet
20%
proposa
20%
qu'un
20%
scrotum
20%
s'emmêlent
20%
soda
20%
sur
20%
surhomme
20%
Tandis
20%
tempe
20%
Trio
20%
veille
20%
vin
20%
Aucun quiz correspondant
Distribution des résultats
% des personnes avec chaque résultat
Percentile par nombre de réponses
Votre historique - résultats
Vous n’avez pas pris ce quiz